[Event "Viljandi Raud Memorial 50th"]
[Site "Viljandi"]
[Date "2016.06.30"]
[Round "4"]
[White "Parik, Kerttu Lisett"]
[Black "Dubrovin, Robert"]
[Result "0-1"]
[WhiteElo "1132"]
[BlackElo "2231"]
[PlyCount "40"]
[EventDate "2016.06.27"]
[EventType "swiss"]
[EventRounds "9"]
[EventCountry "EST"]
[SourceTitle "CBM 173 Extra"]
[Source "ChessBase"]
[SourceDate "2016.08.29"]
[SourceVersion "1"]
[SourceVersionDate "2016.08.29"]
[SourceQuality "1"]

1. d4 Nf6 2. e3 g6 3. Nf3 Bg7 4. h3 0-0 5. Be2 d6 6. 0-0 Nbd7 7. Nc3 c6 8. Bd2 e5 9. Bd3 Qe7 10. Qe2 e4 11. a3 Re8 12. Bc4 exf3 13. Qxf3 d5 14. Bd3 Ne4 15. Bxe4 dxe4 16. Qd1 Nf6 17. Be1 h5 18. d5 Rd8 19. Qd2 Nxd5 20. Rb1 Nxc3 0-1